Az óvónők nevelési stílusának pszichológiai jellemzői

Elmentve itt :
Bibliográfiai részletek
Szerző: Ottlakán Mária
További közreműködők: Nincs megadva (Témavezető)
Dokumentumtípus: Disszertáció
Megjelent: 1985
Tárgyszavak:
Online Access:http://doktori.ek.szte.hu/3801
LEADER 00626nta a2200181 i 4500
001 dokt3801
005 20240903112403.0
008 170214s1985 hu om 000 hun d
040 |a SZTE Doktori Repozitórium  |b hun 
041 |a hun 
100 1 |a Ottlakán Mária 
245 1 3 |a Az óvónők nevelési stílusának pszichológiai jellemzői  |h [elektronikus dokumentum] /  |c  Ottlakán Mária 
260 |c 1985 
502 |a Disszertacio 
650 4 |a pszichológiai tudományok 
650 4 |a Pszichológia 
700 0 1 |a Nincs megadva  |e ths 
856 4 0 |u https://doktori.bibl.u-szeged.hu/id/eprint/3801/1/1985_ottlakan_maria.pdf  |z Dokumentum-elérés